Normal view
MARC view
- Arif, Afaq NC (TCC-9)
Entry Personal Name
001 - CONTROL NUMBER
- control field: 131804
003 - CONTROL NUMBER IDENTIFIER
- control field: NUST
005 - DATE AND TIME OF LATEST TRANSACTION
- control field: 20251111161327.0
008 - FIXED-LENGTH DATA ELEMENTS
- fixed length control field: 251111|| aca||aabn | a|a d
040 ## - CATALOGING SOURCE
- Original cataloging agency: NUST
- Transcribing agency: NUST
100 ## - HEADING--PERSONAL NAME
- Personal name: Arif, Afaq NC (TCC-9)
670 ## - SOURCE DATA FOUND
- Source citation: Work cat.: (NUST)188629: Arif, Afaq NC (TCC-9), Line Echo Cancellation in VOIP Systems /, Oct , 2001
